000 00760nam a22002177a 4500
005 20170911163058.0
010 _aENG-120254
020 _c700.00
_a9788184540895
035 _aEN-103786
037 _bDBAD/PUB
082 _a954.022
245 _aLand and taxation system during the Mughal age :
_cedited by Amrita Grover,Anuj Grover Chaudhary [and] J.C. Dua
_bCollected works of Professor B. R. Grover /
260 _aDelhi
_bOriginals
_c2009
270 _aA-6,Nimri Comercial Center,Near Ashok Vihar-IV
_bDelhi
_e110092
300 _a4-vol (xxi,250p.)
_c22cm.(Hb)
500 _aIncludes references and index
700 _aGrover,Amrita
700 _aGrover Chaudhary,Anuj
700 _aDua,J.C.
942 _2ddc
_cEN
_h954.022
_mLAN
999 _c144294
_d144294